000 00835nam a2200265 i 4500
001 000027685
003 DO-SdBNP
005 20251107103101.0
007 ta
008 110404suuuu dr ah r 000 | spa d
040 _aDO-SdBNP
_bspa
_cBNPHU
_erda
041 _aspa
082 _axxx
_bR426L
_222
110 1 _aRepública Dominicana.
_bSecretaria deEstado de la Mujer
_915271
240 0 _aLeyes, decretos, etc.
245 1 0 _aLey no. 24-97 :
_bsobre violencia intrafamiliar.
264 _aSanto Domingo :
_bSecretaría de Estado de la Mujer,
_c[fecha no identificada]
300 _a37 páginas :
_bilustraciones facsímines. ;
_c20 cm.
336 _ardacontent
_btexto
_2txt
337 _ardamedia
_bsin mediación
_2n
338 _ardacarrier
_bvolumen
_2nc
590 _aInventariado, 2025/DG
910 _aDG
942 _2ddc
_cLF2
999 _c27177
_d27177